000 00212 a2200097 4500
001 35089
100 _aGirja Kumar
245 _aTheory of cataloguing
260 _aND
_bVibas Pub House
_c
090 _c23235
_d23235
942 _aNUST-CAE
_cM
_c14709
999 _c270162
_d270162